000 00742cam a2200229 4500
001 ABS65680
008 020805n2002 000 0 eng u
035 _a(Sirsi) u119172
100 _aReina, P
245 4 _aThe top 150 global design firms
260 _c2002
490 _aEngineering News Record
_v249(4) 22 July 2002, 45-48 (4)
520 _aRanking of the top 150 global design firms ranked according to total revenue for design services performed in their home country and abroad during 2001 in US$ millions.Table.
590 _aABS
650 _aARCHITECTS
650 _aPLANNERS
650 _aENGINEERS
650 _aRANKINGS
690 _aBUILT ENVIRONMENT-CONSTRUCTION DESIGN
700 _aTulacz, G.J.
942 _n0
999 _c70890
_d70890